000 00943nam a22003017a 4500
001 BR7901089
003 BR-BrBNA
005 20230928085936.0
007 ta
008 230509b bl.||||| |||| 00| 0 por d
040 _aBR-BrBNA
_bpor
_cBiblioteca Nacional de Agricultura
041 _a(Por)
072 _aH10
_b0230
090 _ 0230 BR7901089
100 1 _aBotelho, P.S.M.
100 1 _aMendes, A.C.
100 1 _aMacedo, N.
110 1 _aPrograma Nacional de Melhoramento da Cana-de-Acucar, Araras, SP (Brasil). Coordenadoria Regional Sul
245 1 _aControle da broca da cana-de-acucar Diatraea saccharalis (Fabr., 1794); novos testes com inseticidas [Saccharum spp]
260 3 _aAraras, SP (Brasil):
_c1978.
300 _a41 p.
500 _a16 tables; 18 ref.; Summaries (Eng, Por)
650 _aCANA DE ACUCAR
650 _aBROCA
650 _aINSETICIDA
909 _a202309
_bLucia
_c55
_dLucia Elande
942 _cBK
999 _c27110
_d27110